Geboren in Calw - Statistiken

Allgemein
  • Dieses Quiz wurde 15 mal gespielt
  • Das Durchschnittsergebnis liegt bei 1 aus 6
Antwortstatistiken
Hinweis Antwort % Korrekt
Literaturnobelpreisträger, "Der Steppenwolf" "Siddhartha" "Narziß und Goldmund" 1877 Hermann Hesse
92%
Fußballnationalspielerin, VfL Wolfsburg 1998 Chantal Hagel
15%
ehemaliger Eishockeynationalspieler, der unter anderem für die Pittsburgh Penguins in der NHL spielte 1983 Marcel Goc
8%
früherer Eishockeynationalspieler, der in der NHL für die New Jersey Devils und Tampa Bay Lightning spielte 1979 Sascha Goc
8%
Filmregisseur der Verfilmungen der "Eberhoferkrimis" 1965 Ed Herzog
0%
Chefredakteur der Bild-Zeitung 1983 Johannes Boie
0%
Keine übereinstimmenden Quizze gefunden
Verteilung der Resultate
Anzahl Personen mit jedem Resultat
Perzentil nach korrekt beantworteten Fragen
Ihre Resultats-Entwicklung
Sie haben dieses Quiz noch nicht gespielt